Statistics for Chicago City Trivia

Click here to take the quiz!

General Stats

  • This quiz has been taken 29,093 times
    (13,027 since last reset)
  • The average score is 13 of 23

Answer Stats

HintAnswer% Correct
Lake on which Chicago liesLake Michigan
95%
Chicago's most famous nicknameThe {Windy} City
91%
What you must never put on a
Chicago-style hotdog
Ketchup
87%
Largest airportO'Hare
87%
Tallest buildingWillis Tower
86%
U.S. President who lived in ChicagoBarack Obama
82%
Movie character who skipped school
to experience Chicago
Ferris Bueller
74%
Key feature of Chicago-style pizzaDeep-dish
68%
Highest circulation newspaperChicago Tribune
59%
University located in EvanstonNorthwestern
56%
Most famous TV hostOprah Winfrey
56%
Singer who said Chicago is his kind of townFrank Sinatra
54%
Chicago's trains are known as "The El".
What is "El" short for?
Elevated
53%
Most famous rapperKanye West
50%
The baddest part of town, according
to Jim Croce
The South Side
46%
Chicago's central business districtThe {Loop}
45%
Park where the Bean is locatedMillennium Park
38%
Woman whose cow supposedly
started the Chicago fire
Mrs. O'Leary
34%
Chicago's aquarium, once the largest
in the world
Shedd Aquarium
34%
Chicago's most famous shopping district{Magnificent} Mile
32%
Father / son mayors who led Chicago from
1955–1976 and 1989–2001
Richard J. Daley /
Richard M. Daley
31%
Most famous comedy clubSecond City
30%
Park where Buckingham Fountain is locatedGrant Park
24%

Score Distribution

Percentile by Number Answered

Percent of People with Each Score

Your Score History

You have not taken this quiz since the last reset